000 00544nam a22001697a 4500
003 MACL
005 20160723130033.0
008 160723b xxu||||| |||| 00| 0 eng d
040 _cMACL
041 _aHindi
082 _a796 SIN
100 _aसिन्‍हा, अशोक कुमार
_965078
245 _aखेल-संसार
_cअशोक कुमार सिन्‍हा
260 _aनई दिल्‍ली
_bशुभदा प्रकाशन
_c2014
650 _aखेल
_953082
942 _2ddc
_cHIN
999 _c54772
_d54772